000 00660nas a2200193 a 4500
008 061114c19459999||||||||||||||||| || u
050 _aUNZA-IAS(05)HPCA/3
100 _aWinterbottom, J. M
245 1 4 _aThe ecology of man and plants in Northern Rhodesia
_cBy J.M. Winterbottom
260 _aManchester
_bManchester University
_c1945
300 _a33-44pp.
350 _a0.00
490 _aHuman Problems in Central Africa
500 _aArticle in the Rhodes-Livingstone Journal Volume 3
650 _aETHNOBOTANY--ZAMBIA
650 _aECOLOGY
710 _aUniversity of Zambia. Institute for African Studies
785 _aThe Rhodes-Livingstone Journal
999 _c40713
_d40713